|
|
|
|
| LEADER |
00903pam a22002898a 4500 |
| 001 |
00037878 |
| 005 |
20171026081025.0 |
| 008 |
170514s2010 ||||||Viesd |
| 041 |
0 |
# |
|a Vie
|
| 082 |
1 |
4 |
|a 155.3
|b N428CH
|
| 100 |
1 |
# |
|a Linda
|
| 245 |
1 |
0 |
|a Nói chuyện giới tính với con trẻ
|c Linda, Richardeyre; Phan Lê Đông Phương (dịch)
|
| 260 |
# |
# |
|a Đồng Nai
|b Đồng Nai
|c 2010
|
| 300 |
# |
# |
|a 158 tr.
|c 21 cm
|
| 653 |
# |
# |
|a Giới tính
|
| 653 |
# |
# |
|a Con người
|
| 653 |
# |
# |
|a Trẻ em
|
| 653 |
# |
# |
|a Tư vấn
|
| 653 |
# |
# |
|a Tâm lí
|
| 700 |
1 |
# |
|a Phan, Lê Đông Phương
|e Dịch
|
| 700 |
1 |
# |
|a Richardeyre
|
| 852 |
# |
# |
|b Kho mượn
|j KM.0022858
|
| 852 |
# |
# |
|b Kho đọc
|j KD.0022005
|
| 852 |
# |
# |
|j KD.0022005
|j KM.0022858
|
| 910 |
|
|
|d 14/05/2017
|
| 980 |
# |
# |
|a Trung tâm Học liệu Lê Vũ Hùng, Trường Đại học Đồng Tháp
|